Регионална библиотека "Любен Каравелов" - Русе

Неудържимия (Запис номер 384183)

MARC детайли
000 -Лидер
Контролно поле с фиксирана дължина nam a22 a 4500
005 - Дата и час на последна редакция
Контролно поле 20201007040936.0
008 - Елементи от данни с фиксирана дължина
fixed length control field 200821b bu ||||| |||| 00| 0 bu d
041 ## - Код за език
Код за езика на текст/звукозапис или на отделно заглавие Български
Код за езика КДБФ Български
080 ## - УДК
Текстов определител УДК Руска литература
УДК код - определител по УДК 821.161.1
УДК определител -32
УДК - код + определител 821.161.1-32
100 ## - Редна дума - Автор
Автор Славин, Лев
Авторска отговорност първи автор
R(LIN) 1299
139 ## - Редно поле
Редна дума Славин, Лев
245 10 - Сведения за заглавието
Заглавие Неудържимия
Подзаглавни данни [Биогр.] повест за Висариан Белински
Редно поле (дума) Лев Славин; Прев. [от рус.] Ангел Въргулев.
257 ## - Страна на издаване
Страна на създаване/издаване България
260 ## - Област на издателските данни
Място на издаване, разпространение и проч. София
Име на издателя, разпространителя и проч. Партиздат
Година на издаване 1979
300 ## - Физическа характеристика
Страници 563 с., 1 л.
Илюстрации и др. портр.
Размери/Мащаб 17 см
380 ## - Жанр
Жанр Худож. лит.
490 ## - СЕРИИ (Колекции)
Име на серия Поредица Художествено-документални биографии
9 (RLIN) 205214
500 ## - Общи забележки
Забележка Ориг. загл. Неистовый. - 7 110 тир.
600 14 - Име на лице, използвано като предмет
За него / За нея Белински, Висарион Г.
9 (RLIN) 430216
700 ## - Други автори (авторска отговорност)
Лично име Въргулев, Ангел В.
Автороска отговорност (Описва отношението между автора и произведението) прев. от рус.
9 (RLIN) 325654
852 ## - Местоположение
Форматна сигнатура Цб I 17079
Фондова буква Хранилище
999 ## - СИСТЕМНИ КОНТРОЛНИ НОМЕРА
Koha biblionumber 384183
Koha biblioitemnumber 384183
942 ## - АРТИКУЛИ
Вид на библиотечния материал Книги
Скрит в OPAC Не
Източник на класификационната схема Universal Decimal Classification
Периодичен библиозапис Да
Наличности
Код за отписване Код за изгубен артикул Източник на класификационната схема Код за повреда Коз за рестрикции Код за отдаване Артикулен № Име на библиотеката - собственик Име на библиотеката, в която се намира в момента Статус (Текущо местоположение) Дата на вписване в системата Местоположение - отдел Цена в лева Инвентарен номер Систематично азбучна сигнатура Баркод Цена в евро Служебен тип на артикула
  Не е изгубен Universal Decimal Classification Не е повреден само за читалня ползва се в читалня 793657 Регионална библиотека "Любен Каравелов" Русе Регионална библиотека "Любен Каравелов" Русе Хранилище 2020-08-24 Хранилище 1.40 278069 Цб І 17079 120000278069 0.72 Книги
Vip Innovations Ltd, Rousse, Bulgaria 2025